Les vieilles villes d'Italie (Record no. 163645)

MARC details
000 -LEADER
campo de control de longitud fija 00666nam a22001815i 4500
001 - NÚMERO DE CONTROL
campo de control 163645
003 - IDENTIFICADOR DE NÚMERO DE CONTROL
campo de control ES-MaACL
005 - FECHA Y HORA DE LA ÚLTIMA TRANSACCIÓN
campo de control 20230906212800.0
008 - DATOS DE LONGITUD FIJA--INFORMACIÓN GENERAL
campo de control de longitud fija 050719s1878 fr a | |||||||| ||fre d
040 ## - FUENTE DE CATALOGACIÓN
Centro catalogador/agencia de origen CAM
Lengua de catalogación spa
Centro/agencia transcriptor CAM
100 1# - ENTRADA PRINCIPAL--NOMBRE DE PERSONA
Nombre de persona Robida, Albert.
9 (RLIN) 131892
245 14 - MENCIÓN DEL TÍTULO
Título Les vieilles villes d'Italie
Resto del título : notes et souvernirs /
Mención de responsabilidad, etc. A. Robida; ouvrage illustré de 102 dessins a la plume par A. Robida.
260 ## - PUBLICACIÓN, DISTRIBUCIÓN, ETC.
Lugar de publicación, distribución, etc. Paris :
Nombre del editor, distribuidor, etc. Maurice Dreyfous éditeur,
Fecha de publicación, distribución, etc. 1878 (
Lugar de fabricación/manufactura Corbeil :
Fabricante Typ. et stér. de Crété)
300 ## - DESCRIPCIÓN FÍSICA
Extensión 288 p. :
Otras características físicas il. ;
Dimensiones 26 cm.
651 ## - PUNTO DE ACCESO ADICIONAL DE MATERIA--NOMBRE GEOGRÁFICO
Nombre geográfico Italia-
Subdivisión general Descripción.
9 (RLIN) 8861
752 ## - ENTRADA AGREGADA--NOMBRE JERÁRQUICO DEL LUGAR
País o entidad superior Francia -
Ciudad París
852 ## - LOCALIZACIÓN
Ubicación ES-MaACL
Número de control de estantería G-6373
Nota libre -- Enc. hol.
Holdings
Estatus retirado Estado de pérdida Estado de daño No para préstamo Colección Biblioteca de origen Biblioteca actual Ubicación en estantería Fecha de adquisición Fuente de adquisición Total de préstamos Signatura topográfica completa Código de barras Visto por última vez Precio de reemplazo Tipo de ítem Koha
        Libros del s. XIX Biblioteca del Ateneo de Madrid Biblioteca del Ateneo de Madrid Depósito 2 17/01/2008     G-6373 1171488 23/02/2023 23/02/2023 Libro impreso antiguo